[Event "Titled Tuesday intern op 02nd Apr Late"]
[Site "Chess.com INT"]
[Date "2024.04.02"]
[Round "1"]
[White "Grigoriants, Sergey"]
[Black "Rahmanidis, Petros"]
[Result "1-0"]
[WhiteElo "2536"]
[BlackElo "2294"]
[PlyCount "57"]
[EventDate "2024.04.02"]
[EventType "swiss (blitz)"]
[EventRounds "11"]
[EventCountry "USA"]
[SourceTitle "CB15_2024"]
[SourceDate "2024.04.10"]
[SourceVersion "1"]
[SourceVersionDate "2024.04.10"]
[SourceQuality "1"]

1. d4 d5 2. c4 e6 3. Nc3 a6 4. cxd5 exd5 5. Nf3 h6 6. Bf4 Nf6 7. e3 Bd6 8. Bg3 Bxg3 9. hxg3 0-0 10. Bd3 Qe7 11. Qc2 Re8 12. 0-0-0 b5 13. Kb1 Nbd7 14. Rh4 c5 15. dxc5 Nxc5 16. Nxd5 Nxd5 17. Bh7+ Kh8 18. Rxd5 Ne6 19. Ne5 Bb7 20. Rd7 Qxd7 21. Nxd7 Rac8 22. Qd3 Rc7 23. Bf5 Rd8 24. Bxe6 fxe6 25. Rxh6+ gxh6 26. Qd4+ Kg8 27. Nf6+ Kf7 28. Qxd8 Be4+ 29. Nxe4 1-0

[Event "Thessaloniki Vardaris op 7th"]
[Site "Thessaloniki"]
[Date "2024.03.15"]
[Round "2"]
[White "Rahmanidis, Petros"]
[Black "Bougas, Georgios"]
[Result "1-0"]
[WhiteElo "2302"]
[BlackElo "1901"]
[PlyCount "91"]
[EventDate "2024.03.14"]
[EventType "swiss"]
[EventRounds "7"]
[EventCountry "GRE"]
[SourceTitle "CB13_2024"]
[SourceDate "2024.03.27"]
[SourceVersion "1"]
[SourceVersionDate "2024.03.27"]
[SourceQuality "1"]

1. Nf3 d5 2. g3 Nf6 3. Bg2 e6 4. 0-0 Be7 5. c4 0-0 6. b3 c6 7. Bb2 a5 8. d4 b6 9. Nc3 Ba6 10. Qd3 b5 11. Nd2 bxc4 12. bxc4 Nbd7 13. Qc2 Qc7 14. Rfc1 Qa7 15. e4 dxc4 16. Na4 c5 17. d5 exd5 18. exd5 Rab8 19. Nxc4 Bxc4 20. Qxc4 Nb6 21. Nxb6 Qxb6 22. Be5 Qb4 23. Bxb8 Qxc4 24. Rxc4 Rxb8 25. Ra4 Bd8 26. Rc1 Nd7 27. Bh3 Nb6 28. Rxa5 c4 29. Rb5 Ra8 30. Rc2 Kf8 31. d6 g6 32. Bg2 Rc8 33. Bb7 Rb8 34. Bf3 Rc8 35. h4 f5 36. Kg2 Kf7 37. Bb7 Rb8 38. Bd5+ Kf6 39. Bxc4 Rc8 40. Bb3 Rxc2 41. Bxc2 Ke6 42. Bb3+ Kxd6 43. Bg8 Nc8 44. Bxh7 Ne7 45. h5 Kc6 46. a4 1-0

[Event "Thessaloniki Vardaris op 7th"]
[Site "Thessaloniki"]
[Date "2024.03.14"]
[Round "1"]
[White "Mantazis, Georgios Rafail"]
[Black "Rahmanidis, Petros"]
[Result "0-1"]
[WhiteElo "1857"]
[BlackElo "2302"]
[PlyCount "140"]
[EventDate "2024.03.14"]
[EventType "swiss"]
[EventRounds "7"]
[EventCountry "GRE"]
[SourceTitle "CB13_2024"]
[SourceDate "2024.03.27"]
[SourceVersion "1"]
[SourceVersionDate "2024.03.27"]
[SourceQuality "1"]

1. e4 c5 2. Nf3 d6 3. d4 cxd4 4. Nxd4 Nf6 5. Nc3 Nc6 6. Be2 e6 7. Be3 Be7 8. 0-0 0-0 9. f4 a6 10. Bf3 Qc7 11. Qe1 Nxd4 12. Bxd4 e5 13. Be3 exf4 14. Bd4 Be6 15. Qd2 Nd7 16. Qxf4 Ne5 17. Rad1 b5 18. Rf2 Rac8 19. Nd5 Bxd5 20. exd5 f5 21. Qd2 Bf6 22. c3 Rce8 23. Be2 g6 24. a4 Qb7 25. axb5 axb5 26. Be3 Re7 27. Ra1 Rfe8 28. Ra7 Qb8 29. Rxe7 Rxe7 30. g4 Bh4 31. Rf1 fxg4 32. Bg5 Bxg5 33. Qxg5 Nf3+ 34. Rxf3 gxf3 35. Qxe7 fxe2 36. Qxe2 Qa7+ 37. Kg2 Qd7 38. Qe4 Kg7 39. Kg3 h5 40. h3 Qf7 41. Qd4+ Kh7 42. Qd3 Qe8 43. Qf3 Qe5+ 44. Kg2 Kg7 45. Qd3 h4 46. b3 Qg5+ 47. Kh2 Qf4+ 48. Kg2 Kf6 49. c4 Qg5+ 50. Kh2 Qe5+ 51. Kg2 Qg5+ 52. Kh2 Qf4+ 53. Kg2 bxc4 54. bxc4 Qg5+ 55. Kh2 Qf4+ 56. Kg2 g5 57. Qh7 Qg3+ 58. Kf1 Qxh3+ 59. Ke2 Qg4+ 60. Ke1 Qg3+ 61. Kd2 h3 62. Qg8 Ke5 63. Qg7+ Ke4 64. Qg6+ Kf3 65. Qh5+ g4 66. c5 h2 67. cxd6 Qxd6 68. Kd3 Qg3 69. Kc4 Kg2 70. d6 h1Q 0-1

[Event "Titled Tuesday intern op 27th Feb Late"]
[Site "Chess.com INT"]
[Date "2024.02.27"]
[Round "3"]
[White "Heinechen, John"]
[Black "Rahmanidis, Petros"]
[Result "0-1"]
[WhiteElo "1958"]
[BlackElo "2301"]
[PlyCount "82"]
[EventDate "2024.02.27"]
[EventType "swiss (blitz)"]
[EventRounds "11"]
[EventCountry "USA"]
[SourceTitle "CB10_2024"]
[SourceDate "2024.03.06"]
[SourceVersion "1"]
[SourceVersionDate "2024.03.06"]
[SourceQuality "1"]

1. c4 Nf6 2. g3 g6 3. Bg2 Bg7 4. Nf3 0-0 5. 0-0 d6 6. Nc3 e5 7. d3 c6 8. Rb1 a5 9. a3 h6 10. b4 axb4 11. axb4 Be6 12. b5 Nbd7 13. bxc6 bxc6 14. Ne1 d5 15. cxd5 cxd5 16. Bd2 Rb8 17. Nf3 Rxb1 18. Qxb1 d4 19. Nb5 Nd5 20. Rc1 Qa8 21. Nc7 Nxc7 22. Rxc7 Rb8 23. Qc1 Qa2 24. Rc2 Qb1 25. Qxb1 Rxb1+ 26. Rc1 Rb2 27. h3 Bf8 28. Rc8 Kg7 29. Ba5 Rxe2 30. g4 Be7 31. Bd8 Bxd8 32. Rxd8 Kf6 33. Kh2 Rxf2 34. Kg3 Rb2 35. h4 Nc5 36. g5+ hxg5 37. Nxg5 Nxd3 38. Re8 Nf4 39. Ne4+ Kg7 40. h5 Rxg2+ 41. Kh4 Rg4# 0-1

[Event "Titled Tuesday intern op 27th Feb Late"]
[Site "Chess.com INT"]
[Date "2024.02.27"]
[Round "5"]
[White "Rahmanidis, Petros"]
[Black "Ghimoyan, Narek"]
[Result "0-1"]
[WhiteElo "2301"]
[BlackElo "2168"]
[PlyCount "122"]
[EventDate "2024.02.27"]
[EventType "swiss (blitz)"]
[EventRounds "11"]
[EventCountry "USA"]
[SourceTitle "CB10_2024"]
[SourceDate "2024.03.06"]
[SourceVersion "1"]
[SourceVersionDate "2024.03.06"]
[SourceQuality "1"]

1. d4 d5 2. c4 c6 3. cxd5 cxd5 4. Bf4 Nf6 5. Nc3 Nc6 6. e3 Bf5 7. Rc1 a6 8. h3 e6 9. g4 Bg6 10. Bd3 Bxd3 11. Qxd3 Bd6 12. Bxd6 Qxd6 13. f4 0-0 14. Nf3 b5 15. Ne5 Rfc8 16. g5 Ne4 17. Nxe4 dxe4 18. Qxe4 Qb4+ 19. Kf2 Nxe5 20. fxe5 Qxb2+ 21. Kg3 Rab8 22. Qb1 Qd2 23. Rhe1 g6 24. h4 Rxc1 25. Qxc1 Qxa2 26. h5 Qd5 27. h6 Qe4 28. Qc7 Rf8 29. Qe7 Qf5 30. Qf6 Qxf6 31. gxf6 Rb8 32. e4 b4 33. d5 b3 34. d6 b2 35. d7 Rd8 36. Rb1 Rxd7 37. Rxb2 Rd8 38. Ra2 Ra8 39. Ra5 Kf8 40. Kf3 Ke8 41. Ke3 Kd7 42. Kd4 Kc6 43. Kc4 Kb6 44. Rc5 a5 45. Rb5+ Ka6 46. Rc5 Ra7 47. Rc8 Kb6 48. Rh8 a4 49. Rxh7 a3 50. Rh8 a2 51. Rb8+ Kc7 52. h7 a1Q 53. h8Q Qc1+ 54. Kd4 Qd2+ 55. Kc4 Ra4+ 56. Kb3 Qa2+ 57. Kc3 Rc4+ 58. Kd3 Qc2+ 59. Ke3 Rxe4+ 60. Kf3 Qe2+ 61. Kg3 Rg4+ 0-1

[Event "EU-ch 23rd"]
[Site "Vrnjacka Banja"]
[Date "2023.03.13"]
[Round "11"]
[White "Rahmanidis, Petros"]
[Black "Kalogeris, Ioannis"]
[Result "0-1"]
[WhiteElo "2278"]
[BlackElo "2409"]
[PlyCount "88"]
[EventDate "2023.03.03"]
[EventType "swiss"]
[EventRounds "11"]
[EventCountry "SRB"]
[SourceTitle "CBM 213"]
[Source "ChessBase"]
[SourceDate "2023.04.30"]
[SourceVersion "1"]
[SourceVersionDate "2023.04.30"]
[SourceQuality "1"]

1. e4 c6 2. d4 d5 3. exd5 cxd5 4. Bd3 Nf6 5. h3 Nc6 6. c3 Ne4 7. Nd2 f5 8. Ndf3 e6 9. Bf4 g5 10. Bh2 Bg7 11. Ne5 h5 12. Nxc6 bxc6 13. Nf3 g4 14. Ne5 a5 15. Bf4 Ba6 16. Bxa6 Rxa6 17. Qe2 Rb6 18. hxg4 hxg4 19. 0-0-0 Rxh1 20. Rxh1 Qe7 21. Qc2 Bxe5 22. Bxe5 Qg5+ 23. Kb1 Nd2+ 24. Ka1 Nc4 25. b3 Nxe5 26. dxe5 Qf4 27. Qe2 Kf7 28. g3 Qe4 29. Qxe4 dxe4 30. c4 Kg6 31. Rh8 Rb7 32. Kb2 Rd7 33. Kc2 c5 34. Rf8 Rd3 35. Rf6+ Kg7 36. Rxe6 Rf3 37. Re8 Rxf2+ 38. Kd1 Kg6 39. Rf8 Kg7 40. Rc8 f4 41. Ke1 fxg3 42. e6 e3 43. e7 g2 44. Rg8+ Kf6 0-1

[Event "EU-ch 23rd"]
[Site "Vrnjacka Banja"]
[Date "2023.03.12"]
[Round "10"]
[White "Pultinevicius, Paulius"]
[Black "Rahmanidis, Petros"]
[Result "1-0"]
[WhiteElo "2546"]
[BlackElo "2278"]
[PlyCount "77"]
[EventDate "2023.03.03"]
[EventType "swiss"]
[EventRounds "11"]
[EventCountry "SRB"]
[SourceTitle "CBM 213"]
[Source "ChessBase"]
[SourceDate "2023.04.30"]
[SourceVersion "1"]
[SourceVersionDate "2023.04.30"]
[SourceQuality "1"]

1. d4 d5 2. c4 e6 3. Nf3 a6 4. Nbd2 dxc4 5. Nxc4 b5 6. Nce5 Bb7 7. a4 Nf6 8. e3 Ne4 9. Nd2 Bb4 10. Bd3 Qg5 11. Qf3 f5 12. h4 Qe7 13. Qh5+ g6 14. Qe2 Nxd2 15. Bxd2 Bxd2+ 16. Qxd2 Bxg2 17. Rg1 Bb7 18. h5 Nd7 19. axb5 Nxe5 20. dxe5 axb5 21. Rxa8+ Bxa8 22. hxg6 hxg6 23. Rxg6 Rh1+ 24. Ke2 Bd5 25. Qa5 Kf7 26. Rf6+ Kg7 27. Qxb5 Qd8 28. Qa4 Kh7 29. e4 Rh4 30. Rf7+ Kg6 31. Rd7 Qg5 32. Rxd5 exd5 33. exf5+ Kh5 34. Qe8+ Kg4 35. e6 Kh3 36. Qg6 Qxg6 37. fxg6 Rh8 38. Bb5 Rh4 39. g7 1-0

[Event "Athens NTUA-ch 7th"]
[Site "Athens"]
[Date "2022.11.25"]
[Round "?"]
[White "Kasioumis, Vasilios"]
[Black "Rahmanidis, Petros"]
[Result "0-1"]
[WhiteElo "2347"]
[BlackElo "2266"]
[PlyCount "136"]
[EventDate "2022.11.08"]
[EventType "swiss"]
[EventRounds "4"]
[EventCountry "GRE"]
[SourceTitle "EXT 2024"]
[Source "ChessBase"]
[SourceDate "2023.10.10"]
[SourceVersion "1"]
[SourceVersionDate "2023.10.10"]
[SourceQuality "1"]

1. e4 e5 2. Nf3 Nc6 3. Bc4 Nf6 4. d3 h6 5. c3 Bc5 6. a4 a5 7. 0-0 0-0 8. d4 Bb6 9. dxe5 Nxe4 10. Qd5 Nc5 11. Bf4 d6 12. Na3 Be6 13. Qd1 dxe5 14. Nxe5 Nxe5 15. Bxe5 Qxd1 16. Raxd1 Nxa4 17. Bxe6 fxe6 18. Rd2 Nc5 19. Re1 Rad8 20. Rxd8 Rxd8 21. Nc4 Nd3 22. Rd1 Rd5 23. Bg3 Bxf2+ 24. Bxf2 Nxf2 25. Re1 Nd3 26. Rxe6 a4 27. Re8+ Kf7 28. Re3 Kf6 29. Rf3+ Ke7 30. Re3+ Kd8 31. Re2 b5 32. Na5 Kd7 33. c4 bxc4 34. Nxc4 Rc5 35. Re4 Kc6 36. Rd4 Nxb2 37. Nxb2 Rc1+ 38. Nd1 a3 39. Rd2 a2 40. Rxa2 Rxd1+ 41. Kf2 Rd6 42. Ke3 Kd7 43. Ke4 Ke6 44. Rc2 c6 45. h4 Kd7 46. Ra2 Rg6 47. Kf5 Rf6+ 48. Ke5 Ke7 49. Ra7+ Kf8 50. Rc7 Rg6 51. Kf5 Rxg2 52. Rxc6 Kf7 53. Rc7+ Kg8 54. Ra7 Kh7 55. Rb7 h5 56. Ra7 Rg4 57. Rb7 Kh6 58. Rb6+ g6+ 59. Ke5 Rxh4 60. Rb1 Kg5 61. Rg1+ Rg4 62. Rh1 h4 63. Rh2 Rg3 64. Ke4 Kg4 65. Rf2 h3 66. Rf4+ Kg5 67. Rf1 h2 68. Rh1 Rh3 0-1

[Event "Kavala op 31st"]
[Site "Kavala"]
[Date "2022.07.26"]
[Round "1"]
[White "Rahmanidis, Petros"]
[Black "Schroeder, Jan Christian"]
[Result "1-0"]
[WhiteElo "2191"]
[BlackElo "2563"]
[PlyCount "65"]
[EventDate "2022.07.26"]
[EventType "swiss"]
[EventRounds "9"]
[EventCountry "GRE"]
[SourceTitle "CBM 209 Extra"]
[Source "ChessBase"]
[SourceDate "2022.09.30"]
[SourceVersion "1"]
[SourceVersionDate "2022.09.30"]
[SourceQuality "1"]

1. e4 e6 2. d4 d5 3. e5 c5 4. c3 Nc6 5. Nf3 Qb6 6. Bd3 cxd4 7. 0-0 Bd7 8. Re1 Rc8 9. a3 Nge7 10. h4 g6 11. b4 Bg7 12. b5 Na5 13. Nxd4 Nc4 14. Bf4 Nf5 15. Bxf5 gxf5 16. a4 Qc5 17. Qh5 Kf8 18. Nd2 Nxd2 19. Bxd2 h6 20. Re3 Qc4 21. Bc1 Rh7 22. Ba3+ Kg8 23. Be7 Re8 24. Bf6 f4 25. Rf3 Bxf6 26. exf6 e5 27. Nf5 Bxf5 28. Qxf5 Re6 29. Rd1 b6 30. Rfd3 d4 31. f3 h5 32. cxd4 Rh6 33. dxe5 1-0

[Event "GRE CupT 40th f/16"]
[Site "Greece"]
[Date "2022.06.19"]
[Round "1.1"]
[White "Rahmanidis, Petros"]
[Black "Kanakaris, Georgios"]
[Result "1/2-1/2"]
[WhiteElo "2171"]
[BlackElo "2382"]
[PlyCount "127"]
[EventDate "2022.06.19"]
[EventType "team-k.o."]
[EventRounds "1"]
[EventCountry "GRE"]
[SourceTitle "EXT 2024"]
[Source "ChessBase"]
[SourceDate "2023.10.10"]
[SourceVersion "1"]
[SourceVersionDate "2023.10.10"]
[SourceQuality "1"]

1. e4 e6 2. d4 d5 3. e5 c5 4. c3 Nc6 5. Nf3 Bd7 6. Be2 cxd4 7. cxd4 Nge7 8. Na3 Ng6 9. h4 Bb4+ 10. Kf1 Bxa3 11. bxa3 Nge7 12. h5 h6 13. Rb1 Na5 14. Rh3 a6 15. g4 Qc7 16. Nd2 Rc8 17. Nb3 Ba4 18. Qe1 Nxb3 19. axb3 Bb5 20. Be3 Bxe2+ 21. Qxe2 Qc2 22. Qxc2 Rxc2 23. Rc1 Rxc1+ 24. Bxc1 Nc6 25. Rd3 Kd7 26. Ke2 Rc8 27. Kd1 a5 28. Bb2 Na7 29. Kd2 b5 30. Re3 Rc7 31. Kd3 Nc8 32. Re1 Nb6 33. f4 a4 34. b4 Ke7 35. f5 Rc8 36. Bc1 Rh8 37. Rf1 Nc4 38. Rf2 f6 39. fxe6 Kxe6 40. exf6 gxf6 41. Ke2 Kf7 42. Kf3 Rh7 43. Re2 Rh8 44. Kg3 Rh7 45. Rf2 Ke6 46. Rf3 Rh8 47. Bf4 Rh7 48. Kh4 Rh8 49. Bc1 Rh7 50. Kh3 Rh8 51. Kg3 Nd6 52. Kh4 Nc4 53. Rf2 Rh7 54. Re2+ Kf7 55. Kg3 Rh8 56. Kf3 Rh7 57. Re1 Rh8 58. Re2 Rh7 59. Kg2 Rh8 60. Rf2 Ke6 61. Rf3 Rh7 62. Kh3 Rh8 63. Bf4 Rh7 64. Bc1 1/2-1/2

[Event "Aegean op 44th"]
[Site "Aghios Kirykos"]
[Date "2021.07.17"]
[Round "9"]
[White "Krallis, Christos"]
[Black "Rahmanidis, Petros"]
[Result "1-0"]
[WhiteElo "2442"]
[BlackElo "2132"]
[PlyCount "67"]
[EventDate "2021.07.10"]
[EventType "swiss"]
[EventRounds "9"]
[EventCountry "GRE"]
[SourceTitle "CBM 203 Extra"]
[Source "ChessBase"]
[SourceDate "2021.09.30"]
[SourceVersion "1"]
[SourceVersionDate "2021.09.30"]
[SourceQuality "1"]

1. e4 e5 2. Nc3 Nf6 3. d4 exd4 4. Qxd4 Nc6 5. Qd3 d6 6. Bf4 g6 7. 0-0-0 Bg7 8. Be2 0-0 9. h4 Re8 10. f3 b5 11. Kb1 b4 12. Nd5 Nxd5 13. Qxd5 Qf6 14. Bc1 Bb7 15. h5 Re5 16. Qd3 a5 17. hxg6 hxg6 18. g4 Rc5 19. g5 Rxg5 20. f4 Rc5 21. Nf3 Ba6 22. Qe3 b3 23. axb3 Bxe2 24. Qxe2 a4 25. e5 dxe5 26. fxe5 Nxe5 27. b4 Nxf3 28. bxc5 Rb8 29. c3 a3 30. Rhf1 axb2 31. Bxb2 Qxc3 32. Rd8+ Kh7 33. Rxb8 Nd2+ 34. Qxd2 1-0

[Event "Aegean op 44th"]
[Site "Aghios Kirykos"]
[Date "2021.07.16"]
[Round "8"]
[White "Rahmanidis, Petros"]
[Black "Sarandos, Vasilios"]
[Result "1-0"]
[WhiteElo "2132"]
[BlackElo "2230"]
[PlyCount "115"]
[EventDate "2021.07.10"]
[EventType "swiss"]
[EventRounds "9"]
[EventCountry "GRE"]
[SourceTitle "CBM 203 Extra"]
[Source "ChessBase"]
[SourceDate "2021.09.30"]
[SourceVersion "1"]
[SourceVersionDate "2021.09.30"]
[SourceQuality "1"]

1. e4 e6 2. Qe2 c5 3. Nf3 Nc6 4. g3 g6 5. Bg2 Bg7 6. 0-0 Nge7 7. c3 0-0 8. Na3 d5 9. d3 a6 10. e5 b5 11. Nc2 b4 12. cxb4 cxb4 13. d4 a5 14. Qd1 Ba6 15. Re1 Qb6 16. b3 Rfc8 17. Bf4 Na7 18. Bg5 Bf8 19. Ne3 Nb5 20. Qd2 Ra7 21. Ng4 Nf5 22. Rad1 Nc3 23. Nf6+ Kh8 24. g4 Ne7 25. Ra1 Ng8 26. h4 Nxf6 27. exf6 Ne4 28. Qf4 Nxg5 29. Qxg5 Bd3 30. Ne5 Bc2 31. Qd2 Rc3 32. Re3 Rac7 33. Rxc3 Rxc3 34. Nxf7+ Kg8 35. Ne5 Qc7 36. h5 Bd6 37. Re1 Bxe5 38. Rxe5 Rd3 39. Qf4 Rd1+ 40. Kh2 Be4 41. Rxe4 Qxf4+ 42. Rxf4 g5 43. f7+ Kf8 44. Rf6 Rxd4 45. Rxe6 Kxf7 46. Re5 Rd2 47. Bxd5+ Kf6 48. Rf5+ Ke7 49. h6 Rxa2 50. Kg2 a4 51. bxa4 Rxa4 52. Rf7+ Kd6 53. Bb3 Ra3 54. Rxh7 Ke5 55. Re7+ Kf4 56. h7 Ra8 57. Bg8 b3 58. h8Q 1-0

[Event "Aegean op 44th"]
[Site "Aghios Kirykos"]
[Date "2021.07.14"]
[Round "6"]
[White "Rahmanidis, Petros"]
[Black "Sidiropoulos, Vasilis"]
[Result "1-0"]
[WhiteElo "2132"]
[BlackElo "1680"]
[PlyCount "74"]
[EventDate "2021.07.10"]
[EventType "swiss"]
[EventRounds "9"]
[EventCountry "GRE"]
[SourceTitle "CBM 203 Extra"]
[Source "ChessBase"]
[SourceDate "2021.09.30"]
[SourceVersion "1"]
[SourceVersionDate "2021.09.30"]
[SourceQuality "1"]

1. Nf3 f5 2. g3 Nf6 3. Bg2 g6 4. 0-0 Bg7 5. d4 0-0 6. b4 d6 7. Bb2 c6 8. Nbd2 a5 9. a3 Qc7 10. c4 Nbd7 11. Qb3 h6 12. d5 c5 13. bxa5 Qxa5 14. a4 Ne5 15. Nxe5 dxe5 16. Bc3 Qc7 17. Qb2 e4 18. Rfb1 Qd7 19. Nb3 b6 20. a5 bxa5 21. Nxc5 Qc7 22. Na4 Nh5 23. Bxg7 Nxg7 24. c5 Nh5 25. Qb6 Qxb6 26. Nxb6 Rb8 27. e3 Nf6 28. Bf1 Kg7 29. Bc4 Rd8 30. c6 Rd6 31. Rxa5 e6 32. Ra7+ Kf8 33. c7 Rbxb6 34. Rxb6 Rxb6 35. Ra8 Rb7 36. Rxc8+ Ke7 37. Rf8 Kd7 1-0

[Event "Aegean op 44th"]
[Site "Aghios Kirykos"]
[Date "2021.07.13"]
[Round "5"]
[White "Alexakis, Dimitris"]
[Black "Rahmanidis, Petros"]
[Result "1-0"]
[WhiteElo "2450"]
[BlackElo "2132"]
[PlyCount "41"]
[EventDate "2021.07.10"]
[EventType "swiss"]
[EventRounds "9"]
[EventCountry "GRE"]
[SourceTitle "CBM 203 Extra"]
[Source "ChessBase"]
[SourceDate "2021.09.30"]
[SourceVersion "1"]
[SourceVersionDate "2021.09.30"]
[SourceQuality "1"]

1. e4 e5 2. d4 exd4 3. c3 d5 4. exd5 Qxd5 5. cxd4 Nc6 6. Be3 Bb4+ 7. Nc3 Qa5 8. Nge2 Nf6 9. a3 Bxc3+ 10. Nxc3 Bg4 11. f3 0-0-0 12. Be2 Rhe8 13. b4 Qf5 14. fxg4 Qe6 15. Bf2 Nxg4 16. d5 Qe5 17. Qd3 Rxd5 18. Qh3 Re6 19. 0-0 Nxf2 20. Rxf2 Nd4 21. Bc4 1-0

[Event "Aegean op 44th"]
[Site "Aghios Kirykos"]
[Date "2021.07.11"]
[Round "2"]
[White "Rahmanidis, Petros"]
[Black "Rychagov, Andrey"]
[Result "0-1"]
[WhiteElo "2132"]
[BlackElo "2545"]
[PlyCount "86"]
[EventDate "2021.07.10"]
[EventType "swiss"]
[EventRounds "9"]
[EventCountry "GRE"]
[SourceTitle "CBM 203 Extra"]
[Source "ChessBase"]
[SourceDate "2021.09.30"]
[SourceVersion "1"]
[SourceVersionDate "2021.09.30"]
[SourceQuality "1"]

1. e4 c5 2. Nf3 e6 3. g3 Nc6 4. Bg2 Nf6 5. Qe2 e5 6. 0-0 Be7 7. Na3 0-0 8. d3 h6 9. Nc4 d6 10. a4 Re8 11. b3 Bf8 12. Bb2 Rb8 13. Nfd2 d5 14. Ne3 d4 15. Nec4 b6 16. f4 a6 17. Nf3 exf4 18. gxf4 b5 19. Nce5 Nxe5 20. Nxe5 Qc7 21. axb5 axb5 22. c3 dxc3 23. Bxc3 Be6 24. Qb2 b4 25. Bd2 Nd7 26. Nc4 f5 27. Ra6 Nb6 28. Ne5 fxe4 29. Bxe4 Bd6 30. Nc6 Ra8 31. Rfa1 Rxa6 32. Rxa6 Nc8 33. Ne5 Qe7 34. Be1 Bxe5 35. fxe5 Qf7 36. Bf2 Bh3 37. Rc6 Qf4 38. Qc2 Rf8 39. Qe2 Qc1+ 40. Be1 Ne7 41. Rc7 Nf5 42. Qd2 Qxd2 43. Bxd2 Ne3 0-1

[Event "FIDE World Uni Blitz-A 1st"]
[Site "Tornelo INT"]
[Date "2021.03.13"]
[Round "3.39"]
[White "Rahmanidis, Petros"]
[Black "Kozhamberdiyev, Alan"]
[Result "1-0"]
[WhiteElo "2132"]
[BlackElo "1517"]
[PlyCount "73"]
[EventDate "2021.03.13"]
[EventType "swiss (blitz)"]
[EventRounds "10"]
[EventCountry "NET"]
[SourceTitle "EXT 2022"]
[Source "ChessBase"]
[SourceDate "2021.10.06"]
[SourceVersion "1"]
[SourceVersionDate "2021.10.06"]
[SourceQuality "1"]

1. Nf3 c5 2. g3 Nc6 3. Bg2 e5 4. d3 d5 5. 0-0 Nf6 6. e4 dxe4 7. dxe4 Qxd1 8. Rxd1 Be7 9. c3 Bg4 10. h3 Bh5 11. Re1 0-0 12. Bg5 h6 13. Bxf6 Bxf6 14. Nbd2 Rfd8 15. Nf1 Bxf3 16. Bxf3 Rd6 17. Ne3 Ne7 18. Rad1 Rad8 19. Rxd6 Rxd6 20. Be2 Rd2 21. Nc4 Rd8 22. a4 Nc8 23. Ra1 Nd6 24. Nxd6 Rxd6 25. Bc4 Rd2 26. b3 Kf8 27. Rc1 Ke7 28. h4 Kd6 29. Kf1 Ke7 30. Ke1 Rd8 31. Ke2 g5 32. h5 Bg7 33. Rc2 f6 34. Kf3 Rd1 35. Kg4 a6 36. Kf5 Kf8 37. Kg6 1-0

[Event "FIDE World Uni Blitz-A 1st"]
[Site "Tornelo INT"]
[Date "2021.03.13"]
[Round "6.28"]
[White "Waardenburg, Feline"]
[Black "Rahmanidis, Petros"]
[Result "0-1"]
[WhiteElo "1836"]
[BlackElo "2132"]
[PlyCount "64"]
[EventDate "2021.03.13"]
[EventType "swiss (blitz)"]
[EventRounds "10"]
[EventCountry "NET"]
[SourceTitle "EXT 2022"]
[Source "ChessBase"]
[SourceDate "2021.10.06"]
[SourceVersion "1"]
[SourceVersionDate "2021.10.06"]
[SourceQuality "1"]

1. d4 Nf6 2. c4 c5 3. Nf3 cxd4 4. Nxd4 e5 5. Nf3 Nc6 6. Nc3 e4 7. Nd4 Bc5 8. e3 0-0 9. Be2 d5 10. 0-0 dxc4 11. Nxc6 bxc6 12. Bxc4 Qe7 13. b3 Bg4 14. Qc2 Bd6 15. Bb2 Qe5 16. g3 Bf3 17. Rfe1 Qh5 18. Bf1 Ng4 19. h3 Nf6 20. Ne2 Qg5 21. Nf4 Rac8 22. Be2 Bxf4 23. exf4 Qh5 24. Bf1 Nd5 25. Bd4 Rfe8 26. Rac1 Re6 27. Bxa7 Rh6 28. Kh2 Re8 29. Qd2 Ree6 30. Rc4 Qxh3+ 31. Bxh3 Rxh3+ 32. Kxh3 Rh6# 0-1

[Event "Paleochora op 13th"]
[Site "Paleochora"]
[Date "2020.07.23"]
[Round "7"]
[White "Rahmanidis, Petros"]
[Black "Megalios, Konstantinos"]
[Result "1/2-1/2"]
[WhiteElo "2126"]
[BlackElo "2401"]
[PlyCount "42"]
[EventDate "2020.07.18"]
[EventType "swiss"]
[EventRounds "9"]
[EventCountry "GRE"]
[SourceTitle "EXT 2021"]
[Source "ChessBase"]
[SourceDate "2020.10.23"]
[SourceVersion "1"]
[SourceVersionDate "2020.10.23"]
[SourceQuality "1"]

1. e4 c6 2. d4 d5 3. e5 Bf5 4. h4 Qb6 5. Nc3 h5 6. Nce2 e6 7. Ng3 Bh7 8. c3 c5 9. a3 cxd4 10. cxd4 Nc6 11. Nf3 Be4 12. Be3 Bxf3 13. gxf3 Qxb2 14. Bd3 Qc3+ 15. Kf1 Be7 16. Rb1 Rb8 17. Bb5 Rc8 18. f4 g6 19. f5 gxf5 20. Nxh5 Nh6 21. Be2 Rc7 1/2-1/2

[Event "Kavala op 28th"]
[Site "Kavala"]
[Date "2019.08.07"]
[Round "5"]
[White "Rahmanidis, Petros"]
[Black "Naboka, Sergey"]
[Result "0-1"]
[WhiteElo "2215"]
[BlackElo "2323"]
[PlyCount "140"]
[EventDate "2019.08.04"]
[EventType "swiss"]
[EventRounds "9"]
[EventCountry "GRE"]
[SourceTitle "CBM 191 Extra"]
[Source "ChessBase"]
[SourceDate "2019.09.30"]
[SourceVersion "1"]
[SourceVersionDate "2019.09.30"]
[SourceQuality "1"]

1. e4 e6 2. d4 d5 3. Nd2 Be7 4. Bd3 c5 5. dxc5 Nf6 6. Qe2 Nc6 7. Ngf3 0-0 8. 0-0 Bxc5 9. e5 Nd7 10. Nb3 Be7 11. c4 Qc7 12. Bf4 Nb4 13. cxd5 Nxd5 14. Qe4 f5 15. exf6 N7xf6 16. Bxc7 Nxe4 17. Be5 Nef6 18. Nbd4 Bd7 19. h3 Rfe8 20. Rfe1 Rac8 21. a3 Bd8 22. Nb5 Bxb5 23. Bxb5 Rf8 24. Nd4 Bb6 25. Nxe6 Rc2 26. Nxf8 Bxf2+ 27. Kh2 Bxe1 28. Rxe1 Kxf8 29. Re2 Rc1 30. Ba4 h5 31. Bg3 g5 32. Re1 Rc4 33. Bb3 Rd4 34. Bd6+ Kg7 35. Rd1 Rxd1 36. Bxd1 a6 37. Be5 Kg6 38. Bc2+ Kf7 39. Bf5 Ne7 40. Bd3 Ke6 41. Bd4 Ned5 42. g3 Nd7 43. Be2 N7f6 44. Bf3 g4 45. Bh1 Nd7 46. h4 Ne5 47. Kg1 Nc6 48. Bh8 Nce7 49. Be4 b5 50. Kf2 Nf5 51. b3 Nfe7 52. Bd3 Nf5 53. a4 bxa4 54. bxa4 a5 55. Bb2 Nb6 56. Bc2 Nd6 57. Bc3 Nbc4 58. Bb3 Ne4+ 59. Ke2 Nxc3+ 60. Kd3 Ke5 61. Kxc3 Nd6 62. Bc2 Ne4+ 63. Kc4 Nxg3 64. Bg6 Kf4 65. Kd3 Nh1 66. Ke2 g3 67. Kf1 Kg4 68. Kg2 Nf2 69. Bxh5+ Kxh5 70. Kxg3 Nd3 0-1